00449nam a22001337a 450000500170000000800410001702000220005810000180008024501220009825000120022026000460023230000150027850000220029320260112095941.0260112b |||||||| |||| 00| 0 eng d a978-93-5035-295-3 aBINDRAS, N.S. aPLEADINGS AND PRACTICEbWITH MORE THAN 1150 MODEL FORMS OF PLAINTS, DEFENCES, PETITIONS, WRITS, APPEALS AND MUCH MORE a10TH ED aNEW DELHIbUNIVERSAL LAW PUBLISHINGc2013 aCXC, 962P. aPLEADINGS - INDIA